000 00890cam a2200193 4500
001 WB3927-04
008 030715n2003 000 0 eng u
035 _a(Sirsi) u123009
245 _aRetail rentings rankings unveiled
260 _c2003
490 _aDonaldsons Press Release
_v15 July 2003 (1)
520 _aDonaldsons has published national rankings for rent growth in retail areas. The "Retail research spotlight" reveals that investors continue to increase their exposure to retail property at the expense of office investments, with southeast England dominant. The report can be downloaded from http://www.donaldsons.co.uk http://www.donaldsons.co.uk/rcs/Reef/65602/pressoffice_pub/index.xml
590 _aWB
650 _aRETAIL RENTAL MARKET
650 _aRETAIL WAREHOUSE SECTOR
650 _aINVESTMENT MARKET
690 _aPROPERTY-COMMERCIAL PROPERTY
942 _n0
999 _c73045
_d73045